[Event "Int. Stuttgarter Stadtmeisterschaft A"]
[Site "Ditzingen"]
[Date "2013.05.09"]
[Round "1.25"]
[White "Montigel, Philipp"]
[Black "Wedrychowski, Lukas"]
[Result "0-1"]
[WhiteElo "2144"]
[BlackElo "1925"]
[PlyCount "136"]
[EventDate "2013.??.??"]
[WhiteTeam "SV Stuttgart-Wolfbusch 1956 e.V."]
[BlackTeam "SC Garching 1980 e.V."]

1. f4 d5 2. Nf3 Nf6 3. g3 Bg4 4. Bg2 Nbd7 5. d3 Bxf3 6. Bxf3 e5 7. Nc3 c6 8.
O-O Bc5+ 9. Kg2 O-O 10. f5 Bb4 11. e4 Bxc3 12. bxc3 dxe4 13. dxe4 Qa5 14. Qe1
Nc5 15. Rf2 Rfd8 16. g4 Ne8 17. g5 Na4 18. Bd2 Nd6 19. Rb1 Nb6 20. Ra1 Nbc4 21.
Bc1 Nb5 22. Be2 Ncd6 23. Bd3 Qxc3 24. Bd2 Qa3 25. Rf3 Nd4 26. Rh3 Qb2 27. Bc3
Qb6 28. Qh4 Qc5 29. f6 gxf6 30. gxf6 Kf8 31. Bxd4 Qxd4 32. Qxh7 Ke8 33. Re1 Kd7
34. Qh4 Rg8+ 35. Rg3 Qb4 36. Rd1 Rh8 37. Qg4+ Kc7 38. Qg5 Rae8 39. Qe3 b6 40.
Qe2 Rh4 41. Qe1 Qxe1 42. Rxe1 Reh8 43. h3 Rf4 44. Rg5 Re8 45. Rf1 Nxe4 46. Rxe5
Rg8+ 47. Kh2 Rxf1 48. Bxf1 Ng5 49. Re7+ Kb8 50. Bg2 Rg6 51. h4 Nh7 52. Rxf7
Nxf6 53. Bxc6 Ng4+ 54. Kh3 Nh6 55. Be4 Re6 56. Rh7 b5 57. Bd3 a6 58. Kg3 Rf6
59. Rg7 Nf5+ 60. Bxf5 Rxf5 61. Rg5 Rf1 62. h5 Rh1 63. Kg4 Rh2 64. Rg7 Rg2+ 65.
Kf5 Rxg7 66. h6 Rc7 67. Kg6 Rxc2 68. h7 Rg2+ 0-1

[Event "Int. Stuttgarter Stadtmeisterschaft A"]
[Site "Ditzingen"]
[Date "2013.05.09"]
[Round "1.28"]
[White "Heeke, Guido"]
[Black "Andraschko, Felix"]
[Result "0-1"]
[WhiteElo "1908"]
[BlackElo "2128"]
[PlyCount "66"]
[EventDate "2013.??.??"]
[WhiteTeam "SV Letmathe 1933 e.V."]
[BlackTeam "SK Landau"]

1. c4 c5 2. Nc3 Nc6 3. Nf3 e5 4. g3 g6 5. Bg2 Bg7 6. O-O d6 7. d3 Nge7 8. Bg5
f6 9. Bd2 O-O 10. Qc1 Be6 11. Bh6 Rb8 12. Ne1 Bxh6 13. Qxh6 d5 14. cxd5 Nxd5
15. Nc2 Nde7 16. Rad1 Qd7 17. Qe3 Nd4 18. Qd2 Kg7 19. b3 Nec6 20. Ne3 b6 21.
Qb2 Rbd8 22. h4 Kg8 23. Kh2 Ne7 24. Nc4 b5 25. Ne3 f5 26. f4 exf4 27. Rxf4 Qd6
28. Nf1 b4 29. Nb1 Nd5 30. Bxd5 Bxd5 31. e3 Nf3+ 32. Rxf3 Bxf3 33. Rd2 Bb7 0-1

[Event "Int. Stuttgarter Stadtmeisterschaft A"]
[Site "Ditzingen"]
[Date "2013.05.09"]
[Round "1.29"]
[White "Bluma, Marcel"]
[Black "Zeller, Elisa"]
[Result "1-0"]
[WhiteElo "2109"]
[BlackElo "1896"]
[PlyCount "113"]
[EventDate "2013.??.??"]
[WhiteTeam "SC Ingersheim e.V."]
[BlackTeam "SF Deizisau"]

1. e4 e6 2. d4 d5 3. exd5 exd5 4. Bd3 Nc6 5. c3 Nge7 6. Qc2 Be6 7. Ne2 Qd7 8.
Bf4 Ng6 9. Nd2 O-O-O 10. O-O-O Bd6 11. Bxd6 Qxd6 12. g3 Kb8 13. Nb3 Bg4 14. Nc5
Nge5 15. Ba6 Na5 16. Bxb7 Nxb7 17. Nxb7 Kxb7 18. dxe5 Qxe5 19. Rd2 Rhe8 20.
Qb3+ Ka8 21. Nd4 c5 22. Nb5 c4 23. Qa4 Re7 24. Nd4 Rc8 25. f3 Bd7 26. Qa5 Be8
27. Nc2 Rd7 28. Nb4 Rc6 29. Nxd5 Qb8 30. Rhd1 Rb7 31. Nb4 Rc8 32. Rd8 Rbc7 33.
R8d6 Rc5 34. Qa3 Qb7 35. Nd5 R5c6 36. f4 Rxd6 37. Qxd6 Ba4 38. Re1 Qd7 39. Qxd7
Bxd7 40. Re7 Bc6 41. Nc7+ Kb8 42. Na6+ Ka8 43. Rxf7 Rd8 44. Nc7+ Kb8 45. Ne6
Re8 46. Nd4 Bg2 47. b3 Re1+ 48. Kb2 cxb3 49. axb3 Rh1 50. Rxg7 Rxh2 51. Ka3 Be4
52. Kb4 Rh6 53. g4 Rf6 54. f5 h5 55. gxh5 Rh6 56. c4 Rxh5 57. f6 1-0

[Event "Int. Stuttgarter Stadtmeisterschaft A"]
[Site "Ditzingen"]
[Date "2013.05.09"]
[Round "1.30"]
[White "Speicher, Franz"]
[Black "Schulte, Torsten"]
[Result "0-1"]
[WhiteElo "1898"]
[BlackElo "2125"]
[PlyCount "76"]
[EventDate "2013.??.??"]
[WhiteTeam "SV Dicker Turm Esslingen"]
[BlackTeam "SC Eppingen"]

1. d4 Nf6 2. c4 e6 3. g3 d5 4. Bg2 Nc6 5. Nf3 dxc4 6. Qa4 Bb4+ 7. Bd2 Nd5 8.
Bxb4 Ndxb4 9. O-O a6 10. Nc3 Bd7 11. Qd1 O-O 12. Ne4 Nd5 13. Rc1 b5 14. Nc5 Qe7
15. e4 Nf6 16. Qd2 Rfd8 17. Rfd1 Be8 18. Qg5 h6 19. Qh4 e5 20. dxe5 Nxe5 21.
Nb7 Rd3 22. Nd4 c5 23. Nf5 Qxb7 24. Nxh6+ Kf8 25. Nf5 Ng6 26. Qg5 Nh7 27. Qh5
Kg8 28. e5 Bc6 29. Nd6 Rxd6 30. Rxd6 Bxg2 31. e6 Nf6 32. Qe2 Bf3 33. exf7+ Kxf7
34. Qe6+ Kf8 35. Rb6 Qd5 36. Qh3 Rd8 37. Qf1 Ne5 38. h4 Be4 0-1

[Event "Int. Stuttgarter Stadtmeisterschaft A"]
[Site "Ditzingen"]
[Date "2013.05.09"]
[Round "1.31"]
[White "Rau, Jürgen"]
[Black "Schmidt, Markus"]
[Result "1-0"]
[WhiteElo "2124"]
[BlackElo "1894"]
[PlyCount "129"]
[EventDate "2013.??.??"]
[WhiteTeam "SV Dicker Turm Esslingen"]
[BlackTeam "Stuttgarter SF 1879"]

1. c4 Nf6 2. Nc3 g6 3. g3 Bg7 4. Bg2 e5 5. e4 d6 6. Nge2 c6 7. d4 exd4 8. Nxd4
O-O 9. O-O Qb6 10. Nb3 Rd8 11. Be3 Qc7 12. Qc2 Be6 13. c5 dxc5 14. Nxc5 Bc4 15.
Rfd1 Na6 16. Nxa6 Bxa6 17. Nd5 Nxd5 18. exd5 Rdc8 19. dxc6 bxc6 20. Rac1 Bb7
21. Bc5 Rd8 22. b3 a6 23. Re1 Re8 24. Be3 Rac8 25. Red1 Red8 26. Qc5 Bf8 27.
Qb6 Rd7 28. Qxc7 Rdxc7 29. Rc2 c5 30. Rc4 Bxg2 31. Kxg2 Kg7 32. Rd5 Kf6 33. Bf4
Rc6 34. Bc1 Ke6 35. Rd1 Rd6 36. Re1+ Kd7 37. Be3 Rd5 38. Rec1 a5 39. R1c2 Kc6
40. Kf3 Re8 41. Ra4 Kb5 42. g4 f5 43. h3 Bd6 44. Rac4 Ra8 45. Ra4 Rf8 46. g5 f4
47. Bd2 Bc7 48. h4 Rd3+ 49. Kg4 f3 50. Be3 Bd6 51. Re4 Rd1 52. Rc1 Rxc1 53.
Bxc1 Ra8 54. Re6 Rd8 55. Kxf3 a4 56. bxa4+ Kxa4 57. Re4+ Kb5 58. a4+ Kc6 59.
Ke3 Kd5 60. f3 Ra8 61. Kd3 Rb8 62. Bd2 Be5 63. Bc3 Rb3 64. Rxe5+ Kd6 65. Re4
1-0

[Event "Int. Stuttgarter Stadtmeisterschaft A"]
[Site "Ditzingen"]
[Date "2013.05.09"]
[Round "1.32"]
[White "Hamm, Lukas"]
[Black "Gabriel, Josef"]
[Result "1-0"]
[WhiteElo "1890"]
[BlackElo "2123"]
[PlyCount "87"]
[EventDate "2013.??.??"]
[WhiteTeam "SV Stuttgart-Wolfbusch 1956 e.V."]
[BlackTeam "Stuttgarter SF 1879"]

1. e4 c5 2. Nf3 Nc6 3. d4 cxd4 4. Nxd4 Nf6 5. Nc3 e5 6. Ndb5 d6 7. Nd5 Nxd5 8.
exd5 Ne7 9. c4 Ng6 10. Be2 Be7 11. O-O a6 12. Nc3 O-O 13. b4 a5 14. bxa5 Rxa5
15. Qb3 Bg5 16. Bxg5 Qxg5 17. Ne4 Qd8 18. Qb4 Nf4 19. Bf3 Ra6 20. g3 Nh3+ 21.
Kg2 f5 22. Nd2 Ng5 23. h4 Nf7 24. Be2 g5 25. hxg5 Nxg5 26. f4 exf4 27. gxf4 Re8
28. Bh5 Re3 29. Qb2 Ne4 30. Nxe4 Rxe4 31. Kf3 Rxf4+ 32. Kxf4 Qh4+ 33. Ke3 Qh3+
34. Kd2 Qh2+ 35. Be2 Kf7 36. Rg1 Qh6+ 37. Kc2 f4 38. Raf1 Bf5+ 39. Kd1 b5 40.
cxb5 Ra4 41. b6 Ra5 42. Qg7+ Qxg7 43. Rxg7+ Kxg7 44. b7 1-0

[Event "Int. Stuttgarter Stadtmeisterschaft A"]
[Site "Ditzingen"]
[Date "2013.05.09"]
[Round "1.33"]
[White "Bongartz, Philipp"]
[Black "Engelhardt, Frank"]
[Result "1-0"]
[WhiteElo "2121"]
[BlackElo "1882"]
[PlyCount "93"]
[EventDate "2013.??.??"]
[WhiteTeam "Godesberger Schachklub 1929 e.V."]
[BlackTeam "SC Schachmatt Botnang"]

1. e4 c5 2. Nf3 d6 3. d4 cxd4 4. Nxd4 Nf6 5. Nc3 a6 6. Bg5 e6 7. Qf3 Be7 8.
O-O-O Qc7 9. Qg3 b5 10. Bxb5+ axb5 11. Ndxb5 Qb7 12. Nxd6+ Bxd6 13. Qxd6 Nbd7
14. a4 Qb6 15. Qa3 Qc5 16. Qxc5 Nxc5 17. e5 Nfd7 18. Nb5 Kf8 19. b3 Ba6 20. Nc7
Ra7 21. Nxa6 Nxa6 22. Rd6 Nb4 23. Rhd1 Ke8 24. R1d4 Nd5 25. c4 Ne7 26. Rd2 h6
27. Be3 Rb7 28. c5 Nd5 29. Bd4 Ke7 30. c6 Rc7 31. Rxd7+ Rxd7 32. Bc5+ Kd8 33.
cxd7 Kxd7 34. Bd6 Rc8+ 35. Rc2 Nc3 36. f3 Ne2+ 37. Kd2 Rxc2+ 38. Kxc2 Nd4+ 39.
Kc3 Nf5 40. g3 Nxd6 41. exd6 Kxd6 42. Kc4 Kc6 43. b4 f5 44. a5 e5 45. b5+ Kd6
46. a6 Kc7 47. Kd5 1-0

[Event "Int. Stuttgarter Stadtmeisterschaft A"]
[Site "Ditzingen"]
[Date "2013.05.09"]
[Round "1.34"]
[White "Felser, Martin"]
[Black "Scharping, Hans-Martin"]
[Result "1/2-1/2"]
[WhiteElo "1880"]
[BlackElo "2120"]
[PlyCount "68"]
[EventDate "2013.??.??"]
[WhiteTeam "SK Marktoberdorf"]
[BlackTeam "SC Pforzheim 1906"]

1. c4 c5 2. g3 Nc6 3. Bg2 g6 4. Nc3 Bg7 5. Nf3 e5 6. d3 Nge7 7. O-O d6 8. Rb1
O-O 9. a3 a5 10. Nd5 Nxd5 11. cxd5 Ne7 12. Ne1 Bd7 13. Bd2 b5 14. f4 Rb8 15.
fxe5 dxe5 16. e4 Rc8 17. Rc1 c4 18. Qe2 Qb6+ 19. Be3 Qb8 20. Qd2 f5 21. dxc4
bxc4 22. Rf2 fxe4 23. Rxf8+ Bxf8 24. Bxe4 Nf5 25. Bf2 Bh6 26. Qc2 Bxc1 27. Qxc1
Qd6 28. Nf3 c3 29. bxc3 Bb5 30. Bxf5 gxf5 31. Qg5+ Qg6 32. Qe7 Re8 33. Qc5 Be2
34. Qe3 Bxf3 1/2-1/2

[Event "Int. Stuttgarter Stadtmeisterschaft A"]
[Site "Ditzingen"]
[Date "2013.05.09"]
[Round "1.35"]
[White "Hoeschele, Hans-Ulrich"]
[Black "Koch, Martin"]
[Result "0-1"]
[WhiteElo "2115"]
[BlackElo "1876"]
[PlyCount "119"]
[EventDate "2013.??.??"]
[WhiteTeam "Stuttgarter SF 1879"]
[BlackTeam "SC Schachmatt Botnang"]

1. d4 Nf6 2. c4 c5 3. e3 cxd4 4. exd4 d5 5. Nc3 Nc6 6. Nf3 Bg4 7. Be3 e6 8. a3
Be7 9. Be2 dxc4 10. Bxc4 O-O 11. Be2 Rc8 12. h3 Bh5 13. O-O Bd6 14. Ng5 Bxe2
15. Qxe2 Bb8 16. Rfd1 h6 17. Nge4 Nxe4 18. Nxe4 Ne7 19. Nc3 a6 20. Qf3 Nd5 21.
Bd2 Nxc3 22. Bxc3 Qd5 23. Rd3 Qxf3 24. Rxf3 Rfd8 25. Re1 Rd5 26. g4 Rcd8 27.
Kg2 Ba7 28. Re4 g6 29. Ref4 R8d7 30. Re4 b5 31. Rff4 g5 32. Rf6 Kg7 33. Rf3
Bxd4 34. Rxd4 Rxd4 35. Rd3 e5 36. Bxd4 exd4 37. Kf3 Kg6 38. Ke4 Re7+ 39. Kf3
Rd7 40. Ke4 Rc7 41. Rxd4 Rc2 42. Rd6+ f6 43. Rxa6 Rxf2 44. b4 Rh2 45. a4 bxa4
46. Rxa4 Rxh3 47. Kd5 h5 48. b5 hxg4 49. Rxg4 f5 50. Rb4 Rd3+ 51. Kc5 g4 52. b6
g3 53. Kc4 Rd8 54. b7 Rb8 55. Rb2 Kg5 56. Kd3 Kg4 57. Ke2 f4 58. Rb4 Kh3 59.
Kf3 g2 60. Rb6 {usw.} 0-1

[Event "Int. Stuttgarter Stadtmeisterschaft A"]
[Site "Ditzingen"]
[Date "2013.05.09"]
[Round "1.36"]
[White "Giricz, Thomas"]
[Black "Wenner, Tobias"]
[Result "0-1"]
[WhiteElo "1875"]
[BlackElo "2111"]
[PlyCount "68"]
[EventDate "2013.??.??"]
[WhiteTeam "VfL Sindelfingen"]
[BlackTeam "SC Eppingen"]

1. e4 c5 2. Nf3 Nc6 3. d4 cxd4 4. Nxd4 Nf6 5. Nc3 d6 6. Be3 e6 7. h3 Be7 8. g4
h6 9. Bg2 Bd7 10. Qe2 a6 11. f4 Qc7 12. O-O-O O-O-O 13. Kb1 Nxd4 14. Bxd4 e5
15. Nd5 Nxd5 16. exd5 Bb5 17. c4 Ba4 18. fxe5 Bxd1 19. Rxd1 Kb8 20. c5 dxc5 21.
d6 Qb6 22. Rc1 Rc8 23. Rc3 cxd4 24. Rb3 Bg5 25. Qe1 Qxb3 26. axb3 Rc1+ 27. Qxc1
Bxc1 28. Kxc1 Re8 29. Kd2 Rxe5 30. d7 Kc7 31. Bxb7 a5 32. Bc6 Re3 33. Bd5 f6
34. h4 Kxd7 0-1

[Event "Int. Stuttgarter Stadtmeisterschaft A"]
[Site "Ditzingen"]
[Date "2013.05.09"]
[Round "1.37"]
[White "Scheeff, Volker"]
[Black "Altimira, Jordi"]
[Result "1-0"]
[WhiteElo "2109"]
[BlackElo "1872"]
[PlyCount "61"]
[EventDate "2013.??.??"]
[WhiteTeam "SK Schmiden/Cannstatt"]
[BlackTeam "SV Rottweil"]

1. e4 e5 2. Nf3 Nc6 3. Bb5 a6 4. Ba4 Nf6 5. O-O b5 6. Bb3 Be7 7. Re1 O-O 8. h3
d6 9. c3 Na5 10. Bc2 c5 11. d4 Qc7 12. Nbd2 Re8 13. Nf1 Nc4 14. Ng3 cxd4 15.
cxd4 Bf8 16. b3 Na5 17. Bb2 Nc6 18. Rc1 Qb6 19. a3 Bb7 20. b4 a5 21. Bb3 h6 22.
Rxc6 Bxc6 23. dxe5 dxe5 24. Nxe5 Re7 25. Nf5 Rxe5 26. Bxe5 Nxe4 27. Qf3 Nd6 28.
Nxh6+ gxh6 29. Qf6 Kh7 30. Bc2+ Be4 31. Bxe4+ 1-0

[Event "Int. Stuttgarter Stadtmeisterschaft A"]
[Site "Ditzingen"]
[Date "2013.05.09"]
[Round "1.38"]
[White "Grünert, Thomas"]
[Black "Schröder, Kevin"]
[Result "0-1"]
[WhiteElo "1871"]
[BlackElo "2046"]
[PlyCount "88"]
[EventDate "2013.??.??"]
[WhiteTeam "SF Illingen"]
[BlackTeam "LSV Turm Lippstadt"]

1. d4 Nf6 2. Nf3 g6 3. Bg5 Ne4 4. Bh4 Bg7 5. c3 d5 6. e3 O-O 7. Nbd2 f5 8. Bd3
h6 9. Bg3 Nc6 10. Qb3 Kh7 11. Bb5 Na5 12. Qa4 c6 13. Bd3 b5 14. Qc2 Nxg3 15.
hxg3 Nc4 16. a4 Qd6 17. b3 Nxd2 18. Nxd2 bxa4 19. Rxa4 e5 20. Qa2 e4 21. Ba6 g5
22. O-O f4 23. gxf4 gxf4 24. Bxc8 Raxc8 25. exf4 Rxf4 26. Rxa7 Rcf8 27. c4 Qf6
28. Qa1 Rxf2 29. cxd5 Rxf1+ 30. Nxf1 Qf2+ 31. Kh2 Rf4 32. Kh1 Qxf1+ 33. Qxf1
Rxf1+ 34. Kh2 cxd5 35. Rd7 Rf5 36. g4 Rf2+ 37. Kg1 Rd2 38. Rxd5 Bxd4+ 39. Kf1
e3 40. Rd7+ Kg6 41. Re7 Kg5 42. Re4 Kh4 43. b4 Kg3 44. b5 Kf3 0-1

[Event "Int. Stuttgarter Stadtmeisterschaft A"]
[Site "Ditzingen"]
[Date "2013.05.09"]
[Round "1.39"]
[White "Zikeli, Saskia"]
[Black "Wezel, Sebastian"]
[Result "1-0"]
[WhiteElo "2109"]
[BlackElo "1848"]
[PlyCount "59"]
[EventDate "2013.??.??"]
[WhiteTeam "SC Ingersheim e.V."]
[BlackTeam "SV Dettingen Erms"]

1. e4 c5 2. Nf3 Nc6 3. d4 cxd4 4. Nxd4 Nf6 5. Nc3 d6 6. Bg5 e6 7. f3 a6 8. Qd2
Bd7 9. h4 Be7 10. O-O-O b5 11. Nxc6 Bxc6 12. Bd3 Qa5 13. Kb1 h6 14. Be3 b4 15.
Ne2 Nd7 16. Nd4 Ba4 17. g4 Nc5 18. g5 h5 19. g6 f6 20. Bc4 Bd7 21. Nb3 Nxb3 22.
Bxb3 Qb5 23. Bf4 e5 24. Bf7+ Kd8 25. Be3 a5 26. f4 Bg4 27. fxe5 fxe5 28. Bg5
Bxd1 29. Qxd6+ Qd7 30. Bxe7+ 1-0

[Event "Int. Stuttgarter Stadtmeisterschaft A"]
[Site "Ditzingen"]
[Date "2013.05.09"]
[Round "1.40"]
[White "Schömbs, Oliver"]
[Black "Wettengel, Alexander"]
[Result "0-1"]
[WhiteElo "1870"]
[BlackElo "2096"]
[PlyCount "94"]
[EventDate "2013.??.??"]
[WhiteTeam "SC Ingersheim e.V."]
[BlackTeam "Stuttgarter SF 1879"]

1. e4 e5 2. Nf3 Nc6 3. Bb5 a6 4. Ba4 Nf6 5. O-O Nxe4 6. Re1 Nc5 7. Bxc6 dxc6 8.
Nxe5 Be7 9. Nc3 O-O 10. d4 Ne6 11. d5 cxd5 12. Nxd5 Bc5 13. Be3 c6 14. Bxc5
Nxc5 15. Nc3 Bf5 16. Qe2 Qc7 17. g4 Be6 18. f4 Rfe8 19. f5 Bd5 20. Qf2 Rxe5 21.
Qxc5 Rae8 22. Qf2 Rxe1+ 23. Rxe1 Rxe1+ 24. Qxe1 Qb6+ 25. Kf1 Kf8 26. Nxd5 Qb5+
27. Qe2 Qxd5 28. Kf2 Qd4+ 29. Kg3 Qxb2 30. Qd3 Qe5+ 31. Kh3 Ke7 32. a4 Qd5 33.
Qe3+ Kd7 34. c3 c5 35. Kh4 f6 36. h3 Qe5 37. Qd2+ Kc7 38. c4 g6 39. fxg6 hxg6
40. Qf2 Qg5+ 41. Kg3 Qe5+ 42. Kh4 Kd7 43. Qd2+ Ke7 44. Qf2 Kf7 45. a5 Kg7 46.
Qd2 g5+ 47. Kh5 Qe8# 0-1

[Event "Int. Stuttgarter Stadtmeisterschaft A"]
[Site "Ditzingen"]
[Date "2013.05.09"]
[Round "1.41"]
[White "von Zimmermann, Georg"]
[Black "Frederiksen Kristian, Pade"]
[Result "1-0"]
[WhiteElo "2070"]
[BlackElo "1843"]
[PlyCount "49"]
[EventDate "2013.??.??"]
[WhiteTeam "MSA Zugzwang 82 e.V."]

1. e4 e6 2. d4 d5 3. Nc3 Bb4 4. e5 c5 5. Bd2 cxd4 6. Nb5 Bf8 7. Nf3 Nc6 8.
Nbxd4 Nge7 9. Bd3 Nxd4 10. Nxd4 Nc6 11. Nxc6 bxc6 12. O-O Qb6 13. b3 Ba6 14.
Bxa6 Qxa6 15. Qg4 Qa3 16. c4 Qb2 17. Rfd1 Qxe5 18. cxd5 Bd6 19. g3 h5 20. Qa4
g5 21. Qxc6+ Ke7 22. Bc3 Rhc8 23. Bxe5 Rxc6 24. dxc6 Bxe5 25. Rac1 1-0

[Event "Int. Stuttgarter Stadtmeisterschaft A"]
[Site "Ditzingen"]
[Date "2013.05.09"]
[Round "1.42"]
[White "Schulz, Jens Peter"]
[Black "Imhof, Thomas"]
[Result "1-0"]
[WhiteElo "1839"]
[BlackElo "2069"]
[PlyCount "45"]
[EventDate "2013.??.??"]
[WhiteTeam "SV Dicker Turm Esslingen"]
[BlackTeam "SGem Vaihingen-Rohr"]

1. e4 c5 2. Nc3 e6 3. f4 d6 4. Nf3 Nc6 5. Bb5 Bd7 6. d3 Nd4 7. Bxd7+ Qxd7 8.
Nxd4 cxd4 9. Ne2 e5 10. O-O g6 11. c3 dxc3 12. bxc3 O-O-O 13. Be3 Kb8 14. Qb3
f5 15. Rab1 Nf6 16. Qa3 b6 17. Bxb6 axb6 18. Rxb6+ Qb7 19. Rxb7+ Kxb7 20. Rb1+
Kc6 21. Qa4+ Kc7 22. Qa7+ Kc6 23. Qb7+ 1-0

[Event "Int. Stuttgarter Stadtmeisterschaft A"]
[Site "Ditzingen"]
[Date "2013.05.09"]
[Round "1.43"]
[White "Pfeifer, Wilfried"]
[Black "Zorn, Nico"]
[Result "1-0"]
[WhiteElo "2050"]
[BlackElo "1837"]
[PlyCount "93"]
[EventDate "2013.??.??"]
[WhiteTeam "TSF Ditzingen"]
[BlackTeam "SC Laufenburg"]

1. f4 d6 2. Nf3 g6 3. e4 Bg7 4. d4 b6 5. Be3 Bb7 6. Bd3 e6 7. c3 Nf6 8. Nbd2
O-O 9. Qe2 Nbd7 10. O-O c5 11. Kh1 d5 12. e5 c4 13. Bxc4 dxc4 14. exf6 Nxf6 15.
Qxc4 Qc8 16. Qxc8 Raxc8 17. c4 Ne4 18. Rac1 Rfd8 19. Rfd1 Nxd2 20. Rxd2 Bxf3
21. gxf3 f5 22. b3 Kf7 23. Rcd1 Rd7 24. d5 Rcd8 25. dxe6+ Kxe6 26. Rxd7 Rxd7
27. Rxd7 Kxd7 28. Kg2 Kc6 29. Kf2 Bf6 30. Ke2 Be7 31. Bd4 Bc5 32. Kd3 Bd6 33.
Be5 Bc5 34. h3 a6 35. Bc3 a5 36. Bd2 Kd6 37. Bc3 Kc6 38. Be5 Bb4 39. Bd4 Bc5
40. Bxc5 bxc5 41. a3 h6 42. Kc3 Kb6 43. b4 Kc6 44. Kb3 Kb6 45. Ka4 g5 46. fxg5
hxg5 47. b5 1-0

[Event "Int. Stuttgarter Stadtmeisterschaft A"]
[Site "Ditzingen"]
[Date "2013.05.09"]
[Round "1.44"]
[White "Süß, Stefan"]
[Black "Keller, Harald"]
[Result "1/2-1/2"]
[WhiteElo "1826"]
[BlackElo "2049"]
[PlyCount "39"]
[EventDate "2013.??.??"]
[WhiteTeam "Mosbacher SC von 1931"]
[BlackTeam "SV Rottweil"]

1. d4 Nf6 2. Bf4 e6 3. e3 d5 4. Nf3 Be7 5. Be2 O-O 6. h3 c5 7. c3 b6 8. Ne5
Nfd7 9. Nd2 f6 10. Nxd7 Bxd7 11. Nf3 Nc6 12. O-O Be8 13. Re1 Bd6 14. Bb5 Bxf4
15. exf4 Qd6 16. Qd2 cxd4 17. cxd4 Nb4 18. Bxe8 Rfxe8 19. a3 Nc6 20. b4 1/2-1/2

[Event "Int. Stuttgarter Stadtmeisterschaft A"]
[Site "Ditzingen"]
[Date "2013.05.09"]
[Round "1.45"]
[White "Büter, Norbert"]
[Black "Helmich, Jörg"]
[Result "1-0"]
[WhiteElo "2048"]
[BlackElo "1803"]
[PlyCount "37"]
[EventDate "2013.??.??"]
[WhiteTeam "SpVgg Rommelshausen"]
[BlackTeam "Regensb. Turnerschaft"]

1. d4 Nf6 2. c4 g6 3. Nc3 d5 4. cxd5 Nxd5 5. Bd2 Bg7 6. e4 Nb6 7. Be3 O-O 8.
Nf3 Nc6 9. h3 e5 10. d5 Ne7 11. Bd3 c6 12. Bc5 cxd5 13. exd5 Re8 14. d6 Nf5 15.
Bb5 Bd7 16. O-O Rc8 17. Bxb6 axb6 18. Re1 Bc6 19. d7 1-0

[Event "Int. Stuttgarter Stadtmeisterschaft A"]
[Site "Ditzingen"]
[Date "2013.05.09"]
[Round "1.46"]
[White "Mayer, Dietmar"]
[Black "Turski, Tomasz"]
[Result "0-1"]
[WhiteElo "1802"]
[BlackElo "2042"]
[PlyCount "86"]
[EventDate "2013.??.??"]
[WhiteTeam "SC Böblingen 1975 e.V."]
[BlackTeam "SC Ingersheim e.V."]

1. d4 Nf6 2. Nf3 g6 3. Nc3 d5 4. Bf4 c6 5. e3 Bg7 6. Be2 O-O 7. h4 Bg4 8. Ne5
Bxe2 9. Qxe2 Nbd7 10. O-O-O Nh5 11. g4 Nxf4 12. exf4 Qc7 13. h5 b5 14. hxg6
fxg6 15. Nxg6 hxg6 16. Qe6+ Rf7 17. Qxg6 Nf8 18. Rh8+ Kxh8 19. Qxf7 Nh7 20. Rh1
Rf8 21. Qg6 Qxf4+ 22. Kb1 Kg8 23. Qxh7+ Kf7 24. Qh5+ Ke6 25. Qg6+ Bf6 26. Rf1
Qxd4 27. g5 Qg4 28. f4 Kd7 29. Qd3 Bxc3 30. bxc3 Rxf4 31. Re1 Qxg5 32. Qe3 Qh4
33. Qxa7+ Kd6 34. Qb8+ Kc5 35. Qa7+ Kc4 36. Rxe7 Kxc3 37. Qe3+ Kc4 38. Qd3+ Kc5
39. Qa3+ Rb4+ 40. Kc1 Qxe7 41. c3 Qe1+ 42. Kc2 Qb1+ 43. Kd2 Qb2+ 0-1

[Event "Int. Stuttgarter Stadtmeisterschaft A"]
[Site "Ditzingen"]
[Date "2013.05.09"]
[Round "1.47"]
[White "Severin, Andreas"]
[Black "Weber, Sandra"]
[Result "1-0"]
[WhiteElo "2035"]
[BlackElo "1766"]
[PlyCount "111"]
[EventDate "2013.??.??"]
[WhiteTeam "SV Reutlingen"]
[BlackTeam "SC Neckarsulm e.V."]

1. Nf3 Nf6 2. c4 g6 3. Nc3 Bg7 4. g3 O-O 5. Bg2 d6 6. O-O e5 7. d3 Nc6 8. Bg5
Ne7 9. Qd2 Nh5 10. Nd5 f6 11. Bh6 Nf5 12. Bxg7 Nhxg7 13. b4 Ne6 14. Rfb1 Bd7
15. a4 c6 16. Nc3 Rb8 17. a5 Qe7 18. Ne1 Ng5 19. Nc2 Be6 20. a6 Qd7 21. axb7
Rxb7 22. b5 Ne7 23. Nb4 cxb5 24. Nxb5 d5 25. cxd5 Nxd5 26. Nxd5 Bxd5 27. Nc3
Bxg2 28. Kxg2 Rfb8 29. Rxb7 Rxb7 30. Qa2+ Kg7 31. Qa6 Ne6 32. Ra5 Nd4 33. Rc5
Rb6 34. Qc4 Rc6 35. f3 Rxc5 36. Qxc5 Qb7 37. Qd6 Nf5 38. Qc5 Nd4 39. Kf2 Ne6
40. Qa3 Nd4 41. Ne4 Nc2 42. Qc3 Qb6+ 43. Nc5 Nd4 44. e3 Ne6 45. d4 exd4 46.
exd4 Nc7 47. Kg2 Nd5 48. Qe1 Kf7 49. Qe4 Qd6 50. Qb1 Qb6 51. Qa2 Qd6 52. Qxa7+
Qe7 53. Qa2 Qd6 54. Ne4 Qe6 55. Qa7+ Ne7 56. h4 {usw.} 1-0

[Event "Int. Stuttgarter Stadtmeisterschaft A"]
[Site "Ditzingen"]
[Date "2013.05.09"]
[Round "2.1"]
[White "Bluma, Marcel"]
[Black "Ikonnikov, Vyacheslav"]
[Result "0-1"]
[WhiteElo "2109"]
[BlackElo "2533"]
[PlyCount "50"]
[EventDate "2013.??.??"]
[WhiteTeam "SC Ingersheim e.V."]
[BlackTeam "SF Bad Mergentheim"]

1. e4 c5 2. Nf3 Nc6 3. d4 cxd4 4. Nxd4 e5 5. Nb3 Bb4+ 6. Nc3 Nf6 7. Bc4 O-O 8.
Bg5 h6 9. Bh4 Bxc3+ 10. bxc3 d6 11. Qd3 Be6 12. Rd1 Bxc4 13. Qxc4 Qe7 14. O-O
Rfd8 15. Qe2 Qe6 16. Rd3 Ne7 17. Rfd1 Rac8 18. Bxf6 Qxf6 19. Qd2 b6 20. Rxd6
Rxd6 21. Qxd6 Qxd6 22. Rxd6 Rxc3 23. Rd2 Nc6 24. Nc1 Nb4 25. Nd3 Nxd3 0-1

[Event "Int. Stuttgarter Stadtmeisterschaft A"]
[Site "Ditzingen"]
[Date "2013.05.09"]
[Round "2.2"]
[White "Dgebuadze, Alexandre"]
[Black "Rau, Jürgen"]
[Result "1-0"]
[WhiteElo "2528"]
[BlackElo "2124"]
[PlyCount "69"]
[EventDate "2013.??.??"]
[WhiteTeam "SC 1950 Remagen"]
[BlackTeam "SV Dicker Turm Esslingen"]

1. e4 c5 2. Nf3 d6 3. d4 cxd4 4. Qxd4 Nc6 5. Bb5 Bd7 6. Bxc6 Bxc6 7. Nc3 Nf6 8.
Bg5 e6 9. O-O-O Be7 10. h4 Qc7 11. Rhe1 O-O 12. Qd3 a6 13. Kb1 Rfd8 14. Nd4 Be8
15. f3 b5 16. g4 Rdc8 17. Nce2 Rab8 18. Ng3 b4 19. Qd2 Bb5 20. Nh5 Ne8 21. Bxe7
Qxe7 22. g5 a5 23. f4 Qc7 24. e5 Bc4 25. Nf6+ Kh8 26. Nxe8 Rxe8 27. h5 dxe5 28.
fxe5 Rbd8 29. b3 Ba6 30. h6 Rd5 31. hxg7+ Kxg7 32. Qh2 Red8 33. Rh1 Rh8 34.
Nxe6+ fxe6 35. Qh6+ 1-0

[Event "Int. Stuttgarter Stadtmeisterschaft A"]
[Site "Ditzingen"]
[Date "2013.05.09"]
[Round "2.3"]
[White "Schulte, Torsten"]
[Black "Karpatchev, Aleksandr"]
[Result "0-1"]
[WhiteElo "2125"]
[BlackElo "2488"]
[PlyCount "66"]
[EventDate "2013.??.??"]
[WhiteTeam "SC Eppingen"]
[BlackTeam "SF Bad Mergentheim"]

1. d4 Nc6 2. Nf3 d5 3. c4 Bg4 4. Nc3 e6 5. Bg5 f6 6. cxd5 exd5 7. Bf4 Bxf3 8.
gxf3 Bd6 9. Bxd6 Qxd6 10. e3 Nge7 11. f4 O-O 12. Bd3 f5 13. a3 a6 14. Qf3 b5
15. O-O Na5 16. Rac1 c6 17. Kh1 Nc4 18. Qe2 Rac8 19. Rfd1 Rf6 20. Na2 Rh6 21.
Rg1 c5 22. dxc5 Rxc5 23. Rg2 Re6 24. Qc2 Rc6 25. Bxf5 Nxe3 26. Bxe6+ Qxe6 27.
Qd3 Rxc1+ 28. Nxc1 Nxg2 29. Kxg2 Ng6 30. Kg3 h5 31. Qf3 h4+ 32. Kg2 Qf5 33. Nd3
Qxd3 0-1

[Event "Int. Stuttgarter Stadtmeisterschaft A"]
[Site "Ditzingen"]
[Date "2013.05.09"]
[Round "2.5"]
[White "Wenner, Tobias"]
[Black "Gutman, Lev"]
[Result "1/2-1/2"]
[WhiteElo "2111"]
[BlackElo "2467"]
[PlyCount "86"]
[EventDate "2013.??.??"]
[WhiteTeam "SC Eppingen"]
[BlackTeam "SV Lingen"]

1. Nf3 Nf6 2. c4 g6 3. Nc3 Bg7 4. e4 O-O 5. d4 d6 6. Be2 Bg4 7. Be3 Nfd7 8. Ng1
Bxe2 9. Ngxe2 c5 10. d5 a6 11. a4 a5 12. f4 Na6 13. O-O Nb4 14. Qd2 Qb6 15.
Rad1 Rae8 16. Kh1 Na6 17. Nb5 Nc7 18. Nec3 Nxb5 19. Nxb5 f5 20. exf5 Rxf5 21.
Rfe1 Qd8 22. b3 Nf6 23. Bg1 Rf8 24. Re6 Ne8 25. g3 Nc7 26. Re4 Nxb5 27. axb5 b6
28. Rde1 R5f7 29. Re6 Qd7 30. h4 a4 31. bxa4 Ra8 32. Qd1 Bf6 33. R1e2 Qa7 34.
Ra2 Qa5 35. Qc2 Ra7 36. Bf2 Qc3 37. Qxc3 Bxc3 38. Be1 Bxe1 39. Rxe1 Ra5 40. Kg2
h6 41. Re6 Kg7 42. Re4 Ra7 43. Re6 Ra5 1/2-1/2